000 00724nam a2200205Ii 4500
003 JO-AjNU
008 230605s9999||||xx |||||||||||||| ||und||
040 _aJO-AjNU
_bara
_erda
_cJO-AjNU
041 _aara
050 1 4 _aK1030.4.Q956.2006
100 3 _a قزمان ، منير ,
_eauthor
_931958
245 0 0 _aالبيوع التجارية
250 _a(د،ط)
264 3 1 _aالاسكندرية : دار الفكر الجامعي ، 2006
300 _a194ص
336 _atext
_btxt
_2rdacontent
337 _aunmediated
_bn
_2rdamedia
338 _avolume
_bnc
_2rdacarrier
650 4 _aالبيع -- قوانيين وتشريعات -- مصر -- البيع -- قوانيين وتشريعات -- فرنسا
_931959
999 _aA12842
_c16410
_d16410